Miasta w woj. świętokrzyskim - nagła śmierć - Statystyki

Ogólne statystyki
  • Ten quiz został rozwiązany 59 razy
  • Średni wynik to 10 z 20
Answers on the Grid
Answers color-coded by a green-red scale on the quiz's grid according to % correct below.
Kielce
Końskie
Włoszczowa
Sandomierz
Opatów
Skarżysko-Kamienna
Starachowice
Ostrowiec Świętokrzyski
Busko-Zdrój
Staszów
Pińczów
Kazimiera Wielka
Jędrzejów
Chęciny
Bodzentyn
Nowa Słupia
Wiślica
Pacanów
Ćmielów
Sędziszów
Szczekociny
Opoczno
Szydłowiec
Lipsko
Tarnobrzeg
Miechów
Proszowice
Dąbrowa Tarnowska
Kazimierz Dolny
Annopol
Koniecpol
Radom
 
Statystyki odpowiedzi
Odpowiedź % Poprawnych
Busko-Zdrój
69%
Skarżysko-Kamienna
69%
Kielce
59%
Końskie
59%
Opatów
56%
Ostrowiec Świętokrzyski
56%
Pacanów
56%
Pińczów
56%
Jędrzejów
53%
Nowa Słupia
53%
Sandomierz
53%
Starachowice
53%
Staszów
53%
Włoszczowa
47%
Sędziszów
44%
Bodzentyn
41%
Chęciny
41%
Ćmielów
41%
Kazimiera Wielka
41%
Wiślica
25%
Nie znaleziono quizów pasujących do podanych kryteriów
Rozkład punktacji
Procent ludzi z każdym wynikiem
Percentyl według liczby udzielonych odpowiedzi
Twoja historia wyników
Nie rozwiązałeś tego quizu